Purchasing and supply chain management / (Record no. 20583)

MARC details
000 -LEADER
fixed length control field 00533nam a22001937a 4500
003 - CONTROL NUMBER IDENTIFIER
control field OSt
008 - FIXED-LENGTH DATA ELEMENTS--GENERAL INFORMATION
fixed length control field 240523b2010 |||||||| |||| 00| 0 eng d
020 ## - INTERNATIONAL STANDARD BOOK NUMBER
International Standard Book Number 9788131733486
082 ## - DEWEY DECIMAL CLASSIFICATION NUMBER
Classification number 658.72
Item number LYS-P
100 ## - MAIN ENTRY--PERSONAL NAME
Personal name Lysons, Kenneth
245 ## - TITLE STATEMENT
Title Purchasing and supply chain management /
Statement of responsibility, etc Kenneth Lysons and Brian Farrington.
250 ## - EDITION STATEMENT
Edition statement 7th
260 ## - PUBLICATION, DISTRIBUTION, ETC. (IMPRINT)
Place of publication, distribution, etc Tamil Nadu :
Name of publisher, distributor, etc Pearson,
Date of publication, distribution, etc 2010.
300 ## - PHYSICAL DESCRIPTION
Extent / Pages xix, 709 p. ;
650 ## - SUBJECT ADDED ENTRY--TOPICAL TERM
Topical term or geographic name as entry element Purchasing
650 ## - SUBJECT ADDED ENTRY--TOPICAL TERM
Topical term or geographic name as entry element Industrial management
700 ## - ADDED ENTRY--PERSONAL NAME
Personal name Farrington, Brian
942 ## - ADDED ENTRY ELEMENTS (KOHA)
Source of classification or shelving scheme
Koha item type Books
942 ## - ADDED ENTRY ELEMENTS (KOHA)
-- 1
Holdings
Withdrawn status Lost status Source of classification or shelving scheme Damaged status Not for loan Home library Current library Date acquired Source of acquisition Currency Cost, normal purchase price Full call number Barcode Date last seen Copy number Bill Date Koha item type Bill Number Total Checkouts Date last borrowed
          SOBD Library SOBD Library 11/04/2024 Vedi Books INR 980.00 658.72 LYS-P1 006101 23/10/2024 1   Reference Books VEDI/24-25/04/12    
          SOBD Library SOBD Library 11/04/2024 Vedi Books INR 980.00 658.72 LYS-P2 006102 23/05/2024 2   Books VEDI/24-25/04/12    
          SOBD Library SOBD Library 11/04/2024 Vedi Books INR 980.00 658.72 LYS-P3 006103 23/05/2024 3   Books VEDI/24-25/04/12    
          SOBD Library SOBD Library 11/04/2024 Vedi Books INR 980.00 658.72 LYS-P4 006104 23/05/2024 4   Books VEDI/24-25/04/12    
          SOBD Library SOBD Library 11/04/2024 Vedi Books INR 980.00 658.72 LYS-P5 006105 23/05/2024 5   Books VEDI/24-25/04/12    
          SOBD Library SOBD Library 11/04/2024 Vedi Books INR 980.00 658.72 LYS-P6 006106 23/05/2024 6   Books VEDI/24-25/04/12    
          SOBD Library SOBD Library 11/04/2024 Vedi Books INR 980.00 658.72 LYS-P7 006107 24/12/2025 7   Books VEDI/24-25/04/12 1 23/10/2025
Hosted, Implemented, Customized & Maintained by: BestBookBuddies

Powered by Koha